|
|
|
|
| LEADER |
00752nta a2200217 i 4500 |
| 001 |
dokt7607 |
| 005 |
20221004100458.0 |
| 008 |
221004s1979 hu om 0|| hun d |
| 040 |
|
|
|a SZTE Doktori Repozitórium
|b hun
|
| 041 |
|
|
|a hun
|
| 100 |
1 |
|
|a Kovács László
|
| 245 |
1 |
2 |
|a A felszabadulás utáni etnikai antropológiai vizsgálatok összehasonlító elemzése
|h [elektronikus dokumentum] /
|c Kovács László
|
| 260 |
|
|
|c 1979
|
| 502 |
|
|
|a Disszertacio
|
| 650 |
|
4 |
|a biológiai tudományok
|
| 650 |
|
4 |
|a Természettudományok
|
| 650 |
|
4 |
|a Biológiai tudományok
|
| 695 |
|
|
|a Embertan
|
| 700 |
0 |
1 |
|a Lipták Pál
|e ths
|
| 700 |
0 |
1 |
|a Farkas Gyula
|e ths
|
| 856 |
4 |
0 |
|u https://doktori.bibl.u-szeged.hu/id/eprint/7607/1/1978_kovacs_laszlo.pdf
|z Dokumentum-elérés
|